Možnosti anaeróbneho spracovania čistiarenských kalov z rafinérií diplomová práca

Uložené v:
Podrobná bibliografia
Hlavný autor: Ujová, Lucia
Médium: Kniha
Jazyk:Slovak
Vydavateľské údaje: Bratislava STU FCHPT 2017
On-line prístup:View in OPAC
Tagy: Pridať tag
Žiadne tagy, Buďte prvý, kto otaguje tento záznam!

MARC

LEADER 00000nam a2200000 a 4500
005 20260127134233.0
008 170816 2017 xo 001 0 slo d
035 |a vtls011707110 
039 9 |y 201708161258  |z mschk03 
040 |a STUSCHK1  |b slo  |c STUSCHK1  |e AACR2 
100 1 |a Ujová, Lucia 
245 1 |a Možnosti anaeróbneho spracovania čistiarenských kalov z rafinérií  |b diplomová práca  |c Lucia Ujová 
260 |a Bratislava  |b STU FCHPT  |c 2017 
300 |a 68 s.  |b il.  |c 25 cm 
500 |a Študijný program: technológie ochrany životného prostredia 
500 |a Študijný odbor: chemické technológie 
500 |a Školiace pracovisko: Oddelenie environmentálneho inžinierstva 
500 |a Evid. číslo: FCHPT-100568-42916 
910 |a SCHK95 
999 |c 7464  |d 7464